<?xml version="1.0" encoding="UTF-8"?>
<record
    xmlns:xsi="http://www.w3.org/2001/XMLSchema-instance"
    xsi:schemaLocation="http://www.loc.gov/MARC21/slim http://www.loc.gov/standards/marcxml/schema/MARC21slim.xsd"
    xmlns="http://www.loc.gov/MARC21/slim">

  <leader>01156nam a22003017a 4500</leader>
  <controlfield tag="005">20240530110427.0</controlfield>
  <controlfield tag="008">150204s2011    ua     g b    000 0 ara d</controlfield>
  <datafield tag="017" ind1=" " ind2=" ">
    <subfield code="a">2011/15147</subfield>
    <subfield code="b">&#x645;&#x635;&#x631; . &#x62F;&#x627;&#x631; &#x627;&#x644;&#x643;&#x62A;&#x628; &#x627;&#x644;&#x645;&#x635;&#x631;&#x64A;&#x629;</subfield>
  </datafield>
  <datafield tag="020" ind1=" " ind2=" ">
    <subfield code="a">9776264426</subfield>
  </datafield>
  <datafield tag="040" ind1=" " ind2=" ">
    <subfield code="a">EG-CaGPL</subfield>
  </datafield>
  <datafield tag="041" ind1="0" ind2=" ">
    <subfield code="a">ara</subfield>
  </datafield>
  <datafield tag="082" ind1="0" ind2="4">
    <subfield code="2">21</subfield>
    <subfield code="a">341.69\</subfield>
    <subfield code="b">&#x649; &#x645;</subfield>
  </datafield>
  <datafield tag="100" ind1="0" ind2=" ">
    <subfield code="a">&#x64A;&#x648;&#x633;&#x641; &#x62D;&#x633;&#x646; &#x64A;&#x648;&#x633;&#x641;</subfield>
  </datafield>
  <datafield tag="245" ind1="1" ind2="2">
    <subfield code="a">&#x627;&#x644;&#x645;&#x62D;&#x627;&#x643;&#x645;&#x627;&#x62A; &#x627;&#x644;&#x62F;&#x648;&#x644;&#x64A;&#x629; &#x627;&#x644;&#x645;&#x639;&#x627;&#x635;&#x631;&#x629; :</subfield>
    <subfield code="b">&#x644;&#x645;&#x62C;&#x631;&#x645;&#x649; &#x627;&#x644;&#x62D;&#x631;&#x628; &#x648; &#x627;&#x644;&#x62A;&#x637;&#x647;&#x64A;&#x631; &#x627;&#x644;&#x639;&#x631;&#x642;&#x649; &#x648; &#x62C;&#x631;&#x627;&#x626;&#x645; &#x627;&#x644;&#x627;&#x628;&#x627;&#x62F;&#x629; /</subfield>
    <subfield code="c">&#x64A;&#x648;&#x633;&#x641; &#x62D;&#x633;&#x646; &#x64A;&#x648;&#x633;&#x641;</subfield>
  </datafield>
  <datafield tag="250" ind1=" " ind2=" ">
    <subfield code="a">&#x637;1</subfield>
  </datafield>
  <datafield tag="260" ind1=" " ind2=" ">
    <subfield code="a">&#x627;&#x644;&#x642;&#x627;&#x647;&#x631;&#x629; :</subfield>
    <subfield code="b">&#x627;&#x644;&#x645;&#x631;&#x643;&#x632; &#x627;&#x644;&#x642;&#x648;&#x645;&#x649; &#x644;&#x644;&#x627;&#x635;&#x62F;&#x627;&#x631;&#x627;&#x62A; &#x627;&#x644;&#x642;&#x627;&#x646;&#x648;&#x646;&#x64A;&#x629; &#x60C;</subfield>
    <subfield code="c">2011</subfield>
  </datafield>
  <datafield tag="300" ind1=" " ind2=" ">
    <subfield code="a">762 &#x635; &#x61B;</subfield>
    <subfield code="c">24 &#x633;&#x645;</subfield>
  </datafield>
  <datafield tag="504" ind1=" " ind2=" ">
    <subfield code="a">&#x628;&#x628;&#x644;&#x64A;&#x648;&#x62C;&#x631;&#x627;&#x641;&#x64A;&#x629; : &#x635; 744 - 751</subfield>
  </datafield>
  <datafield tag="650" ind1="0" ind2="4">
    <subfield code="a">&#x627;&#x644;&#x645;&#x62D;&#x627;&#x643;&#x645; &#x627;&#x644;&#x62F;&#x648;&#x644;&#x64A;&#x629;</subfield>
  </datafield>
  <datafield tag="650" ind1="0" ind2="4">
    <subfield code="a">&#x62C;&#x631;&#x627;&#x626;&#x645; &#x636;&#x62F; &#x627;&#x644;&#x627;&#x646;&#x633;&#x627;&#x646;&#x64A;&#x629;</subfield>
  </datafield>
  <datafield tag="650" ind1="0" ind2="4">
    <subfield code="a">&#x627;&#x628;&#x627;&#x62F;&#x629; &#x627;&#x644;&#x634;&#x639;&#x648;&#x628;</subfield>
  </datafield>
  <datafield tag="650" ind1="0" ind2="4">
    <subfield code="a">&#x645;&#x62D;&#x627;&#x643;&#x645;&#x627;&#x62A; &#x62C;&#x631;&#x627;&#x626;&#x645; &#x627;&#x644;&#x62D;&#x631;&#x628;</subfield>
  </datafield>
  <datafield tag="650" ind1="0" ind2="4">
    <subfield code="a">&#x627;&#x644;&#x62C;&#x631;&#x627;&#x626;&#x645; &#x627;&#x644;&#x62F;&#x648;&#x644;&#x64A;&#x629;</subfield>
  </datafield>
  <datafield tag="650" ind1="0" ind2="4">
    <subfield code="a">&#x62C;&#x631;&#x627;&#x626;&#x645; &#x627;&#x644;&#x62D;&#x631;&#x628;</subfield>
  </datafield>
  <datafield tag="650" ind1="0" ind2="4">
    <subfield code="a">&#x627;&#x644;&#x62C;&#x631;&#x64A;&#x645;&#x629; &#x648; &#x627;&#x644;&#x645;&#x62C;&#x631;&#x645;&#x648;&#x646;</subfield>
  </datafield>
  <datafield tag="942" ind1=" " ind2=" ">
    <subfield code="2">ddc</subfield>
    <subfield code="c">BK</subfield>
  </datafield>
  <datafield tag="999" ind1=" " ind2=" ">
    <subfield code="c">60764</subfield>
    <subfield code="d">60764</subfield>
  </datafield>
  <datafield tag="952" ind1=" " ind2=" ">
    <subfield code="0">0</subfield>
    <subfield code="1">0</subfield>
    <subfield code="4">0</subfield>
    <subfield code="7">0</subfield>
    <subfield code="a">CAI</subfield>
    <subfield code="b">CAI</subfield>
    <subfield code="d">2015-03-24</subfield>
    <subfield code="l">0</subfield>
    <subfield code="o">341.69\ &#x649; &#x645;</subfield>
    <subfield code="p">159878</subfield>
    <subfield code="r">2015-03-24 00:00:00</subfield>
    <subfield code="w">2015-03-24</subfield>
    <subfield code="y">BK</subfield>
  </datafield>
</record>
